[Event "GER-ch36 fin email"]
[Site "GER email"]
[Date "2006.10.06"]
[Round "?"]
[White "Becker, Dominik"]
[Black "Zwicker, Thomas"]
[Result "1-0"]
[WhiteElo "2151"]
[BlackElo "2187"]
[PlyCount "103"]
[EventDate "2006.??.??"]
[EventType "tourn (corr)"]
[EventRounds "12"]
[EventCountry "GER"]
[SourceTitle "Corr 2008"]
[Source "ChessBase"]
[SourceDate "2008.06.24"]
[SourceVersion "1"]
[SourceVersionDate "2008.06.24"]
[SourceQuality "1"]

1. d4 Nf6 2. c4 g6 3. Nc3 Bg7 4. e4 d6 5. Nf3 0-0 6. Be2 e5 7. 0-0 Nc6 8. d5 Ne7 9. Ne1 Nd7 10. Be3 f5 11. f3 f4 12. Bf2 g5 13. Rc1 Ng6 14. c5 Nxc5 15. b4 Na6 16. Nb5 Bd7 17. Nxa7 Rf7 18. Qc2 Nxb4 19. Qxc7 Nxa2 20. Qxd8+ Rxd8 21. Rc2 Nb4 22. Rb2 Nxd5 23. Bc4 Nf6 24. Bxf7+ Kxf7 25. Rxb7 Kg8 26. Nd3 Be6 27. Ra1 d5 28. Nc6 Re8 29. Raa7 Bf8 30. Bc5 dxe4 31. fxe4 Bc4 32. Bxf8 Kxf8 33. Nc5 Kg8 34. Na5 Be2 35. Rf7 Rc8 36. Nab3 Ne8 37. Rxh7 Bc4 38. h3 Nh8 39. Rh6 Nf7 40. Rg6+ Kh7 41. Rxg5 Kh6 42. Rxf7 Kxg5 43. Rf5+ Kg6 44. Rxe5 Nd6 45. Nd2 Ra8 46. h4 Ra2 47. Rg5+ Kh6 48. Nf3 Ra1+ 49. Kh2 Ra7 50. e5 Ne8 51. e6 Ng7 52. Ne5 1-0

[Event "GER-ch36 fin email"]
[Site "GER email"]
[Date "2006.04.01"]
[Round "?"]
[White "Becker, Dominik"]
[Black "Lelgemann, Ludwig"]
[Result "1/2-1/2"]
[WhiteElo "2151"]
[BlackElo "2173"]
[PlyCount "55"]
[EventDate "2006.??.??"]
[EventType "tourn (corr)"]
[EventRounds "12"]
[EventCountry "GER"]
[SourceTitle "Corr 2008"]
[Source "ChessBase"]
[SourceDate "2008.06.24"]
[SourceVersion "1"]
[SourceVersionDate "2008.06.24"]
[SourceQuality "1"]

1. d4 d5 2. c4 c6 3. Nf3 Nf6 4. Nc3 dxc4 5. a4 Bf5 6. e3 e6 7. Bxc4 Bb4 8. 0-0 Nbd7 9. Qe2 Bg6 10. e4 Bxc3 11. bxc3 Nxe4 12. Ba3 Qc7 13. Rfe1 Nxc3 14. Qb2 Ne4 15. a5 a6 16. Re3 Nd6 17. Bxe6 0-0 18. Ba2 Rfe8 19. Nh4 Rxe3 20. fxe3 Ne4 21. Rb1 Qxa5 22. Rf1 Qc3 23. Qxc3 Nxc3 24. Nxg6 Nxa2 25. Ne7+ Kf8 26. Nf5+ Kg8 27. Ne7+ Kf8 28. Nd5+ 1/2-1/2

[Event "GER-ch36 fin email"]
[Site "GER email"]
[Date "2006.04.01"]
[Round "?"]
[White "Becker, Dominik"]
[Black "Samraoui, Mohamed"]
[Result "1/2-1/2"]
[WhiteElo "2151"]
[BlackElo "2111"]
[PlyCount "103"]
[EventDate "2006.??.??"]
[EventType "tourn (corr)"]
[EventRounds "12"]
[EventCountry "GER"]
[SourceTitle "Corr 2008"]
[Source "ChessBase"]
[SourceDate "2008.06.24"]
[SourceVersion "1"]
[SourceVersionDate "2008.06.24"]
[SourceQuality "1"]

1. d4 Nf6 2. c4 e6 3. Nc3 Bb4 4. e3 0-0 5. Bd3 c5 6. Nf3 d5 7. 0-0 Nc6 8. a3 Bxc3 9. bxc3 dxc4 10. Bxc4 Qc7 11. Bd3 e5 12. Qc2 Rd8 13. Bb2 h6 14. h3 Be6 15. e4 exd4 16. cxd4 cxd4 17. Nxd4 Qd7 18. Nxe6 Qxe6 19. Rad1 Rac8 20. Qa4 Ne5 21. Bxe5 Qxe5 22. Qxa7 Nh5 23. Qxb7 Nf4 24. Ba6 Qg5 25. Rxd8+ Rxd8 26. e5 Nxh3+ 27. Kh1 Nf4 28. Re1 Rd1 29. Qa8+ Kh7 30. Qe4+ g6 31. Bf1 Qe7 32. e6 Rxe1 33. Qxe1 Nxe6 34. Qb4 Qf6 35. Kg1 Qa1 36. a4 Nd4 37. Qc4 Ne6 38. g3 h5 39. Kg2 Kg7 40. Qb4 Qe5 41. a5 Ng5 42. f4 Qd5+ 43. Kg1 Nf3+ 44. Kf2 Nd2 45. Be2 Ne4+ 46. Kg1 Nxg3 47. Qc3+ f6 48. Qxg3 Qxa5 49. Qe3 Qe1+ 50. Kh2 Kh7 51. Kg2 h4 52. Qf3 1/2-1/2